| 000 | 00938nmm a2200301 a 4500 | ||
|---|---|---|---|
| 003 | AR-BaBNM | ||
| 005 | 20251128211754.0 | ||
| 008 | 046020sc200 ||||||||||||||000 | spa|| | ||
| 020 | _a84-205-4164-8 | ||
| 040 | _cAR-BaBNM | ||
| 100 | 1 | _aMayer, Richard E. | |
| 245 | 1 | 0 |
_aPsicología de la educación _benseñar para un aprendizaje significativo _nVolumen 2 |
| 260 |
_aMadrid _bPearson-Prentice Hall _cc2004 _aBuenos Aires |
||
| 300 | 0 | _a317 p. | |
| 504 | _aContiene referencias bibliográficas | ||
| 650 | 4 | _aPSICOLOGIA DE LA EDUCACION | |
| 650 | 4 | _aPROCESO DE APRENDIZAJE | |
| 650 | 4 | _aDIDACTICA | |
| 650 | 4 | _aTRANSFERENCIA | |
| 650 | 4 | _aPROCESO COGNOSCITIVO | |
| 650 | 4 | _aMOTIVACION DEL ALUMNO | |
| 653 | 0 | _aAPRENDIZAJE SIGNIFICATIVO | |
| 653 | 0 | _aESTRATEGIAS DIDACTICAS | |
| 700 | 1 |
_aBueno Alvarez, José A. _etraductor |
|
| 700 | 1 |
_aNúñez Pérez, José Carlos _erevisión |
|
| 942 | _cBK | ||
| 998 | _cme-solo cat | ||
| 999 |
_c21041 _d21041 |
||